Normal view
MARC view
Entry Personal Name
001 - CONTROL NUMBER
- control field: 10473
003 - CONTROL NUMBER IDENTIFIER
- control field: OSt
005 - DATE AND TIME OF LATEST TRANSACTION
- control field: 20220918111023.0
008 - FIXED-LENGTH DATA ELEMENTS
- fixed length control field: 220918|| aca||aabn | a|a d
040 ## - CATALOGING SOURCE
- Original cataloging agency: OSt
- Transcribing agency: OSt
100 ## - HEADING--PERSONAL NAME
- Personal name: वर्मा, धीरेन्द्र, (और अन्य), संपा
670 ## - SOURCE DATA FOUND
- Source citation: Work cat.: (OSt)116497: वर्मा, धीरेन्द्र, (और अन्य), संपा., हिन्दी साहित्य कोश, 2005
